Statistics for Robert Duvall Filmography

Click here to take the quiz!

General Stats

  • This quiz has been taken 163 times
    (132 since last reset)
  • The average score is 37 of 159

Answer Stats

Type Year Name % Correct
Film1974The Godfather Part II
100%
Film1972The Godfather
100%
Film1990Days of Thunder
83%
Film1979Apocalypse Now
83%
Film2014The Judge
67%
Film2003Secondhand Lions
67%
Film2000Gone in 60 Seconds
67%
Film2009Get Low
67%
Film1983Tender Mercies
67%
Film2002Assassination Tango
50%
Film1981True Confessions
50%
Film2003Open Range
50%
Film1979The Great Santini
50%
Film1997The Apostle
50%
Film1991Rambling Rose
50%
TV Mini-Series1989Lonesome Dove
50%
Film1988Colors
50%
Film1993Falling Down
50%
TV Film1992Stalin
50%
Film1992Newsies
50%
Film1996Sling Blade
33%
Film1995The Scarlet Letter
33%
TV Show1998Saturday Night Live
33%
Film1994The Paper
33%
Film1962To Kill a Mockingbird
33%
Film1986Let's Get Harry
33%
Film1990The Handmaid's Tale
33%
Film2009The Road
33%
Film2015Wild Horses
33%
Film1971THX 1138
33%
Film2009Crazy Heart
33%
Film1972Joe Kidd
33%
Film2005Kicking & Screaming
33%
Film1978Invasion of the Body Snatchers
17%
Film1976Network
17%
Film1977The Greatest
17%
Director1977We're Not the Jet Set
17%
Film1990A Show of Force
17%
Theater1977American Buffalo
17%
TV Film1983The Terry Fox Story
17%
Film1987Hotel Colonial
17%
Film1978The Betsy
17%
Film1986The Lightship
17%
Film1986Belizaire the Cajun
17%
Film1984The Natural
17%
Film1984The Stone Boy
17%
Director1983Angelo My Love
17%
TV Mini-Series1979Ike
17%
TV Film1980Ike: The War Years
17%
Film1981The Pursuit of D.B. Cooper
17%
Film1995The Stars Fell on Henrietta
17%
Film1991Convicts
17%
Film2005Thank You for Smoking
17%
Film2018Widows
17%
Film2016In Dubious Battle
17%
Film2013A Night in Old Mexico
17%
TV Film2012Hemingway & Gellhorn
17%
Film2012Jack Reacher
17%
Film2012Jayne Mansfield's Car
17%
Film2011Seven Days in Utopia
17%
Film2008Four Christmases
17%
Film2007We Own the Night
17%
Film2007Lucky You
17%
TV Mini-Series2006Broken Trail
17%
TV Show2005American Experience
17%
Film2003Gods and Generals
17%
Film1992The Plague
17%
Film2002John Q.
17%
Film2000A Shot at Glory
17%
Film2000The 6th Day
17%
Film1998Deep Impact
17%
Film1998A Civil Action
17%
Film1998The Gingerbread Man
17%
TV Film1996The Man Who Captured Eichmann
17%
Film1996Phenomenon
17%
Film1996A Family Thing
17%
Film1976The Eagle Has Landed
17%
Film1995Something to Talk About
17%
Film1993Geronimo: An American Legend
17%
Film1993Wrestling Ernest Hemingway
17%
Film1976The Seven-Per-Cent Solution
17%
Theater1952Laughter in the Stars
17%
Film1975Breakout
17%
TV Show1963The Untouchables
17%
Theater1961Call Me by My Rightful Name
17%
TV Show1961, 1963Route 66
17%
TV Show1962Naked City
17%
TV Show1962Alfred Hitchcock Presents
17%
Theater1962-1963The Days and Nights of Beebee Fenstermaker
17%
Film1963Captain Newman, M.D.
17%
TV Show1963The Twilight Zone
17%
TV Show1961Shannon
17%
TV Show1963The Virginian
17%
TV Show1963Stoney Burke
17%
TV Show1963Arrest and Trial
17%
TV Show1963, 1965The Fugitive
17%
TV Show1964Kraft Suspense Theatre
17%
Film1975The Killer Elite
17%
TV Show1961Caine's Hundred
17%
TV Show1961Great Ghost Tales
17%
TV Show1965Voyage to the Bottom of the Sea
17%
Theater1956Bus Stop
17%
Theater1955Picnic
17%
Theater1955Time Out for Ginger
17%
Theater1955The Cat and the Canary
17%
Theater1955The Crucible
17%
Theater1956Dial "M" for Murder
17%
Theater1956I Am a Camera
17%
Theater1957Witness for the Prosecution
17%
TV Show1961, 1963, 1965The Defenders
17%
Theater1957Thieves' Carnival
17%
Theater1959A Streetcar Named Desire
17%
Theater1959Once More, with Feeling
17%
Theater1959The Happiest Millionaire
17%
Theater1959Romanoff and Juliet
17%
TV Show1959-1960Armstrong Circle Theatre
17%
Film1965Nightmare in the Sun
17%
TV Show1964The Outer Limits
17%
Theater1965-1966A View from the Bridge
17%
Film1970The Revolutionary
17%
TV Show1965, 1966, 1967Combat!
17%
TV Film1968Flesh and Blood
17%
Film1969True Grit
17%
Film1969The Rain People
17%
TV Show1969The Mod Squad
17%
Film1970M*A*S*H
17%
Film1971Lawman
17%
TV Show1968CBS Playhouse
17%
Film1972The Great Northfield Minnesota Raid
17%
Film1972Tomorrow
17%
Film1973The Outfit
17%
Film1973Badge 373
17%
Film1973Lady Ice
17%
Theater1952, 1955Dark of the Moon
17%
TV Show1968Run for Your Life
17%
TV Show1968Judd, for the Defense
17%
Film1968Bullitt
17%
TV Show1966, 1967T.H.E. Cat
17%
Film1966The Chase
17%
TV Show1966Bob Hope Presents the Chrysler Theatre
17%
TV Show1966Hawk
17%
TV Show1966Felony Squad
17%
TV Show1966Shane
17%
Film1968Countdown
17%
Theater1966Wait Until Dark
17%
TV Show1966, 1967, 1968, 1969The F.B.I.
17%
TV Film1966Fame Is the Name of the Game
17%
TV Show1967The Time Tunnel
17%
TV Show1967Cimarron Strip
17%
TV Show1967The Wild Wild West
17%
TV Film1967Cosa Nostra, Arch Enemy of the FBI
17%
Film1968The Detective
17%
FilmTBA12 Mighty Orphans
17%
Theater1958Mrs. Warren's Profession
0%
Theater1956The Tender Trap
0%
Theater1955Kickback
0%
Theater1955Three Men on a Horse
0%
Theater1955The Lady's Not for Burning
0%
Theater1955Mrs. McThing
0%

Score Distribution

Percentile by Number Answered

Percent of People with Each Score

Your Score History

You have not taken this quiz since the last reset